Ein Beitrag zur Libellen-Fauna des Tisza-tales
Elmentve itt :
| Szerző: | |
|---|---|
| Dokumentumtípus: | Cikk |
| Megjelent: |
1966
|
| Sorozat: | Tiscia
|
| Kulcsszavak: | Természettudomány |
| Online Access: | http://acta.bibl.u-szeged.hu/9641 |
| LEADER | 00565nab a2200181 i 4500 | ||
|---|---|---|---|
| 001 | acta9641 | ||
| 005 | 20210323142708.0 | ||
| 008 | 161015s1966 hu o 0|| ger d | ||
| 022 | |a 0563-587X | ||
| 040 | |a SZTE Egyetemi Kiadványok Repozitórium |b hun | ||
| 041 | |a ger | ||
| 100 | 1 | |a Tóth S. | |
| 245 | 1 | 0 | |a Ein Beitrag zur Libellen-Fauna des Tisza-tales |h [elektronikus dokumentum] / |c Tóth S. |
| 260 | |c 1966 | ||
| 300 | |a 103-106 | ||
| 490 | 0 | |a Tiscia | |
| 695 | |a Természettudomány | ||
| 856 | 4 | 0 | |u http://acta.bibl.u-szeged.hu/9641/1/tiscia_002_103-106.pdf |z Dokumentum-elérés |